000 00494nam a2200157 i 4500
001 173318
003 ES-MaACL
005 20230906215218.0
008 091125s1971 pr |||| | spa d
080 _a860(729.5)-14"19"
100 1 _aRibera Chevremont, Evaristo.
_996787
245 1 0 _aCanto de mi tierra /
_cEvaristo Ribera Chevremont ; prólogo de Anita Arroyo.
260 _a[Río Piedras] :
_bEditorial Universitaria,
_c1971.
300 _a96 p. ;
_c22 cm.
852 _aES-MaACL
_jC-57019
999 _c173318
_d173318